Most Popular Netflix Actors in 2024 by Picture - Statistics

General Stats
  • This quiz has been taken 98 times
  • The average score is 8 of 16
Answer Stats
Picture Answer % Correct
Millie Bobby Brown
85%
Jenna Ortega
84%
Margot Robbie
81%
Timothee Chalamet
78%
Sydney Sweeney
62%
Cillian Murphy
54%
Omar Sy
53%
Dylan O'Brien
46%
Madelyn Cline
46%
Sadie Sink
44%
Chase Stokes
40%
Madison Bailey
32%
Maya Hawke
30%
Penn Badgley
25%
Xolo Mariduena
14%
Seong Gi-Hun
5%
No matching quizzes found
Score Distribution
Percent of People with Each Score
Percentile by Number Answered
Your Score History
You have not taken this quiz